000 00721nam a2200229Ia 4500
003 OSt
005 20220925174638.0
006 a|||||r|||| 00| 0
007 ta
008 220923b |||||||| |||| 00| 0 eng d
037 _cGeneral Book
040 _aRTL
_cRTL
_beng
041 _2eng
_aeng
082 _aX9(J451-481).2.N62<N50r, K2
110 _aKIT KOTAGIRI TEA & COFFEE ESTATES COMPANY LIMITED
_9247270
245 0 _aAnnual report,1950-62.
260 _aCalicut
_bKit Kotagiri Tea & Coffee Co.
_c1962
300 _a24p.
_ccm.
700 _aKIT KOTAGIRI TEA & COFFEE ESTATES COMPANY LIMITED
_9247271
942 _hX9(J451-481).2.N62<N50r, K2
_cGB
_2CC
999 _c491594
_d491594